[Event "Oberliga Wuerttemberg 1314"]
[Site "Wuerttemberg"]
[Date "2013.11.24"]
[Round "3.4"]
[White "Seyfried, Claus"]
[Black "Von Schwerin, Clemens"]
[Result "1-0"]
[WhiteElo "2122"]
[BlackElo "1821"]
[PlyCount "59"]
[EventDate "2013.10.13"]
[EventType "team-tourn"]
[EventRounds "9"]
[EventCountry "GER"]
[SourceTitle "EXT 2019"]
[Source "ChessBase"]
[SourceDate "2018.10.10"]
[SourceVersion "1"]
[SourceVersionDate "2018.10.10"]
[SourceQuality "1"]
[WhiteTeam "Stuttgart SF II"]
[BlackTeam "Jedesheim"]
[WhiteTeamCountry "GER"]
[BlackTeamCountry "GER"]

1. e4 d6 2. d4 Nf6 3. Nc3 e5 4. Nf3 Nbd7 5. Bc4 h6 6. Qe2 c6 7. Bb3 Qc7 8. Be3 b6 9. Qc4 Nb8 10. dxe5 Ba6 11. Qd4 Ng4 12. Bf4 dxe5 13. Bxe5 Nxe5 14. Qxe5+ Qe7 15. Nd5 cxd5 16. Bxd5 Qxe5 17. Nxe5 Nd7 18. Nxd7 Rc8 19. 0-0-0 Bd6 20. e5 Kxd7 21. exd6 Be2 22. Rd2 Bh5 23. Bb7 Rce8 24. Ba6 Re5 25. a4 Ra8 26. f3 Re6 27. Bb5+ Kd8 28. Rdd1 Bg6 29. Rhe1 Rc8 30. c3 1-0

[Event "Stuttgart-chA int"]
[Site "Ditzingen"]
[Date "2009.05.21"]
[Round "2"]
[White "Arounopoulos, Stephan"]
[Black "Von Schwerin, Clemens"]
[Result "1-0"]
[WhiteElo "1998"]
[BlackElo "1886"]
[PlyCount "81"]
[EventDate "2009.05.21"]
[EventType "swiss"]
[EventRounds "7"]
[EventCountry "GER"]
[SourceTitle "EXT 2018"]
[Source "ChessBase"]
[SourceDate "2017.10.13"]
[SourceVersion "1"]
[SourceVersionDate "2017.10.13"]
[SourceQuality "1"]

1. d4 Nf6 2. Nf3 g6 3. c4 c5 4. d5 b5 5. cxb5 a6 6. b6 Qxb6 7. Nc3 d6 8. e4 Nbd7 9. Be2 Bg7 10. 0-0 0-0 11. a4 Rb8 12. Nd2 Bb7 13. a5 Qc7 14. Nc4 Rfd8 15. f4 Nf8 16. Ra3 e6 17. Bf3 N6d7 18. Be3 exd5 19. exd5 Re8 20. Ne4 f5 21. Nexd6 Rxe3 22. Rxe3 Bd4 23. Rfe1 Nf6 24. Kh1 Bxe3 25. Rxe3 Rd8 26. Nxb7 Qxb7 27. d6 Qb5 28. Bd5+ Kh8 29. h3 Ne4 30. Rxe4 fxe4 31. Qe1 Qd7 32. Ne5 Qf5 33. Nf7+ Kg7 34. Qc3+ Qf6 35. Qxf6+ Kxf6 36. Nxd8 e3 37. Bc4 Kf5 38. Nb7 Nd7 39. Bxa6 Kxf4 40. Be2 Kg3 41. Kg1 1-0

[Event "GER-chT Lands U20"]
[Site "Dresden"]
[Date "2008.11.18"]
[Round "7.7"]
[White "Von Schwerin, Clemens"]
[Black "Zimmermann, Christian"]
[Result "1-0"]
[WhiteElo "1751"]
[BlackElo "1513"]
[PlyCount "51"]
[EventDate "2008.11.14"]
[EventType "team-swiss"]
[EventRounds "7"]
[EventCountry "GER"]
[SourceTitle "EXT 2010"]
[Source "ChessBase"]
[SourceDate "2010.11.25"]
[SourceVersion "1"]
[SourceVersionDate "2010.11.25"]
[SourceQuality "1"]
[WhiteTeam "Wuerttemberg"]
[BlackTeam "Sachsen Anhalt"]
[WhiteTeamCountry "GER"]
[BlackTeamCountry "GER"]

1. e4 e5 2. Nf3 Nc6 3. d4 exd4 4. Nxd4 Bc5 5. Be3 Qf6 6. c3 Nge7 7. Bc4 Ne5 8. Bb3 Qg6 9. 0-0 d6 10. Nd2 Bh3 11. g3 Bxf1 12. Qxf1 0-0 13. h3 Kh8 14. Kg2 Bb6 15. f4 N5c6 16. f5 Qf6 17. N2f3 h6 18. h4 Nc8 19. Bg5 hxg5 20. hxg5 Qd8 21. Qh1+ Kg8 22. g6 Re8 23. gxf7+ Kf8 24. Qh8+ Ke7 25. fxe8Q+ Qxe8 26. Qxg7+ 1-0

[Event "Nordhausen op 8th"]
[Site "Nordhausen"]
[Date "2008.08.02"]
[Round "6.10"]
[White "Shashkin, Igor"]
[Black "Von Schwerin, Clemens"]
[Result "1-0"]
[WhiteElo "2063"]
[BlackElo "1914"]
[PlyCount "71"]
[EventDate "2008.07.31"]
[EventType "swiss"]
[EventRounds "7"]
[EventCountry "GER"]
[SourceTitle "EXT 2019"]
[Source "ChessBase"]
[SourceDate "2018.10.10"]
[SourceVersion "1"]
[SourceVersionDate "2018.10.10"]
[SourceQuality "1"]

1. e4 c6 2. d3 d5 3. Nd2 e5 4. Ngf3 Bd6 5. g3 Be6 6. Bg2 h6 7. c3 Nf6 8. Qc2 Nbd7 9. b3 Nf8 10. Bb2 Ng6 11. d4 dxe4 12. Nxe5 Bxe5 13. dxe5 Nxe5 14. 0-0 Qd3 15. Qxd3 Nxd3 16. Ba3 Bf5 17. Nc4 Bg6 18. Nd6+ Kd7 19. Nxb7 Kc7 20. Nc5 Rhd8 21. Rad1 Nxc5 22. Bxc5 Rd3 23. c4 Rad8 24. Ra1 a5 25. Rfe1 Nd7 26. Be3 f5 27. Bf1 Rxe3 28. Rxe3 Ne5 29. Be2 Rd2 30. Kf1 Kb6 31. Ke1 Rb2 32. Kd1 a4 33. bxa4 Ka5 34. Rb3 Rxe2 35. Kxe2 Nxc4 36. Rc1 1-0

[Event "GER-ch U14"]
[Site "Willingen"]
[Date "2008.05.11"]
[Round "6"]
[White "Braun, Georg"]
[Black "Von Schwerin, Clemens"]
[Result "1-0"]
[WhiteElo "1931"]
[BlackElo "1914"]
[PlyCount "93"]
[EventDate "2008.05.11"]
[EventType "swiss"]
[EventRounds "9"]
[EventCountry "GER"]
[SourceTitle "CBM 124 Extra"]
[Source "ChessBase"]
[SourceDate "2008.07.03"]
[SourceVersion "1"]
[SourceVersionDate "2008.07.03"]
[SourceQuality "1"]

1. e4 c6 2. d4 d5 3. exd5 cxd5 4. c4 Nf6 5. Nc3 e6 6. Nf3 Bb4 7. Bd2 Nc6 8. a3 Be7 9. c5 a5 10. Bb5 0-0 11. 0-0 Bd7 12. Qe2 b6 13. Bxc6 Bxc6 14. b4 axb4 15. axb4 bxc5 16. bxc5 Qc7 17. Ne5 Nd7 18. Bf4 Nxe5 19. Bxe5 Qd7 20. Qg4 f6 21. Bf4 Rxa1 22. Rxa1 e5 23. Qxd7 Bxd7 24. Nxd5 Bxc5 25. dxc5 exf4 26. c6 Be6 27. Nb6 Rc8 28. Ra8 Rxa8 29. Nxa8 g5 30. c7 Kf7 31. Nb6 h5 32. c8Q Bxc8 33. Nxc8 Ke6 34. Kf1 g4 35. Ke2 Ke5 36. f3 f5 37. Ne7 Kf6 38. Nc6 Kg5 39. Nd4 Kf6 40. h4 gxh3 41. gxh3 Kg5 42. Ne6+ Kh4 43. Nxf4 Kg3 44. Ke3 h4 45. Ng6 Kxh3 46. Kf4 Kg2 47. Nxh4+ 1-0

[Event "GER-ch U14"]
[Site "Willingen"]
[Date "2008.05.11"]
[Round "8"]
[White "Elkmann, Janek"]
[Black "Von Schwerin, Clemens"]
[Result "1-0"]
[WhiteElo "1750"]
[BlackElo "1914"]
[PlyCount "135"]
[EventDate "2008.05.11"]
[EventType "swiss"]
[EventRounds "9"]
[EventCountry "GER"]
[SourceTitle "CBM 124 Extra"]
[Source "ChessBase"]
[SourceDate "2008.07.03"]
[SourceVersion "1"]
[SourceVersionDate "2008.07.03"]
[SourceQuality "1"]

1. e4 c6 2. d4 d5 3. Nc3 g6 4. Nf3 Bg4 5. Be2 Bg7 6. Be3 e6 7. 0-0 Ne7 8. h3 Bxf3 9. Bxf3 Nd7 10. Qd2 dxe4 11. Nxe4 Nf5 12. c3 Nb6 13. Bg5 f6 14. Bf4 e5 15. dxe5 Qxd2 16. Bxd2 fxe5 17. Rad1 0-0 18. Rfe1 Nd5 19. Nc5 Rf7 20. Bc1 Nb6 21. Be4 Nc4 22. Bc2 Re7 23. Bb3 b5 24. Bg5 Ree8 25. Rd7 h6 26. Bc1 Re7 27. Red1 Rae8 28. a4 Kh7 29. Rxe7 Rxe7 30. Bxc4 bxc4 31. Rd7 Rxd7 32. Nxd7 Ne7 33. Kf1 Kg8 34. Ke2 Kf7 35. Be3 Ke6 36. Nc5+ Kd5 37. Na6 c5 38. Bxc5 Nc8 39. Be3 Nb6 40. Nb4+ Kd6 41. a5 Nc8 42. Kd2 h5 43. Kc2 Bf6 44. b3 Bd8 45. a6 cxb3+ 46. Kxb3 Bb6 47. Kc4 Bxe3 48. fxe3 Ne7 49. e4 Nc6 50. Kb5 Ne7 51. c4 Ng8 52. c5+ Ke7 53. Nd5+ Ke8 54. Kc6 Nh6 55. Kd6 Nf7+ 56. Ke6 Nd8+ 57. Kxe5 Nc6+ 58. Kf6 Nb8 59. e5 Nxa6 60. e6 Nxc5 61. e7 Ne4+ 62. Ke5 Kd7 63. Kxe4 a5 64. Ke5 a4 65. Kf6 a3 66. Kf7 Kd6 67. e8Q Kxd5 68. Qa8+ 1-0

[Event "GER-ch U14"]
[Site "Willingen"]
[Date "2008.05.11"]
[Round "4"]
[White "Mons, Leon"]
[Black "Von Schwerin, Clemens"]
[Result "1-0"]
[WhiteElo "2063"]
[BlackElo "1914"]
[PlyCount "95"]
[EventDate "2008.05.11"]
[EventType "swiss"]
[EventRounds "9"]
[EventCountry "GER"]
[SourceTitle "CBM 124 Extra"]
[Source "ChessBase"]
[SourceDate "2008.07.03"]
[SourceVersion "1"]
[SourceVersionDate "2008.07.03"]
[SourceQuality "1"]

1. e4 c6 2. d4 d5 3. f3 e6 4. Nc3 Bb4 5. Bf4 Nd7 6. Qd3 Ne7 7. Nge2 0-0 8. a3 Ba5 9. 0-0-0 b5 10. h4 b4 11. axb4 Bxb4 12. g4 Qa5 13. Nb1 Ba6 14. Qe3 Nb6 15. Ng3 Bxf1 16. Nxf1 Nc4 17. Qb3 Rab8 18. Bxb8 Rxb8 19. Ne3 Bd6 20. Nxc4 dxc4 21. Qe3 Qa1 22. Kd2 Qxb2 23. Nc3 Rb3 24. Rb1 Bf4 25. Rxb2 Bxe3+ 26. Kxe3 Rxb2 27. Rb1 Rxb1 28. Nxb1 f5 29. Na3 fxg4 30. fxg4 c3 31. Nc4 Kf7 32. Ne5+ Ke8 33. Kd3 a6 34. Kxc3 Ng6 35. Nxg6 hxg6 36. Kb4 Kd7 37. Ka5 Kd6 38. Kxa6 c5 39. c3 cxd4 40. cxd4 Kc6 41. Ka5 Kd7 42. Kb5 Kd6 43. Kc4 g5 44. hxg5 Ke7 45. Kc5 Kf7 46. Kd6 Kg6 47. Kxe6 Kxg5 48. d5 1-0

[Event "Ulm/Neu Ulm-ch"]
[Site "Ulm/Neu Ulm"]
[Date "2007.11.16"]
[Round "5"]
[White "Von Schwerin, Clemens"]
[Black "Huppertz, Anton"]
[Result "1-0"]
[WhiteElo "1581"]
[BlackElo "1316"]
[PlyCount "44"]
[EventDate "2007.09.21"]
[EventType "swiss"]
[EventRounds "7"]
[EventCountry "GER"]
[SourceTitle "EXT 2011"]
[Source "ChessBase"]
[SourceDate "2010.11.26"]
[SourceVersion "1"]
[SourceVersionDate "2010.11.26"]
[SourceQuality "1"]

1. e4 c5 2. d3 Nc6 3. g3 d6 4. Bg2 e6 5. Nc3 Nf6 6. f4 g6 7. Nf3 Bg7 8. 0-0 0-0 9. Nh4 Ne8 10. f5 Ne5 11. Qe1 Bd7 12. h3 Bf6 13. fxg6 fxg6 14. Bh6 Ng7 15. Nf3 Nxf3+ 16. Rxf3 Bd4+ 17. Kh2 Rxf3 18. Bxf3 Bxc3 19. Qxc3 e5 20. Qb3+ Kh8 21. Qf7 Ne6 22. Bg4 Qg8 1-0

[Event "Ulm/Neu Ulm-ch"]
[Site "Ulm/Neu Ulm"]
[Date "2006.12.15"]
[Round "7"]
[White "Von Schwerin, Clemens"]
[Black "Bachus, Sebastian"]
[Result "0-1"]
[WhiteElo "1462"]
[BlackElo "1917"]
[PlyCount "94"]
[EventDate "2006.09.22"]
[EventType "swiss"]
[EventRounds "7"]
[EventCountry "GER"]
[SourceTitle "EXT 2011"]
[Source "ChessBase"]
[SourceDate "2010.11.26"]
[SourceVersion "1"]
[SourceVersionDate "2010.11.26"]
[SourceQuality "1"]

1. e4 e6 2. d3 d5 3. Nd2 c5 4. Ngf3 Nc6 5. g3 g6 6. Bg2 Bg7 7. 0-0 Nge7 8. Re1 0-0 9. e5 Qc7 10. Qe2 b5 11. Nf1 Bb7 12. Bf4 Rac8 13. Ne3 Nd4 14. Nxd4 cxd4 15. Ng4 Qxc2 16. Nf6+ Bxf6 17. exf6 Qxe2 18. Rxe2 Nc6 19. Bd6 Rfe8 20. f4 a6 21. g4 Red8 22. Ba3 b4 23. Rb1 a5 24. f5 exf5 25. gxf5 Rd6 26. fxg6 fxg6 27. Bh3 Rf8 28. Be6+ Kh8 29. f7 Nd8 30. Bh3 Kg7 31. Bxb4 axb4 32. Rc1 Rxf7 33. Re8 Ba6 34. Bf1 Ne6 35. Re1 Nf4 36. Rb8 Bxd3 37. Rxb4 Bxf1 38. Rxf1 Rdf6 39. Rd1 Ne2+ 40. Kh1 Rf1+ 41. Rxf1 Rxf1+ 42. Kg2 Rf5 43. Rb3 d3 44. Kh3 d2 45. Rb7+ Kh6 46. a4 d1Q 47. b4 Qf1+ 0-1

[Event "Ulm/Neu Ulm-ch"]
[Site "Ulm/Neu Ulm"]
[Date "2006.10.08"]
[Round "2"]
[White "Von Schwerin, Clemens"]
[Black "Haitov, Haim"]
[Result "0-1"]
[WhiteElo "1462"]
[BlackElo "1462"]
[PlyCount "82"]
[EventDate "2006.09.22"]
[EventType "swiss"]
[EventRounds "7"]
[EventCountry "GER"]
[SourceTitle "EXT 2011"]
[Source "ChessBase"]
[SourceDate "2010.11.26"]
[SourceVersion "1"]
[SourceVersionDate "2010.11.26"]
[SourceQuality "1"]

1. e4 c5 2. Nf3 Nc6 3. d4 cxd4 4. Nxd4 Nf6 5. Nc3 d6 6. Be3 e5 7. Ndb5 a6 8. Na3 b5 9. Nd5 Be7 10. Bb6 Qd7 11. Nc7+ Kf8 12. Nxa8 Qb7 13. Be3 Qxa8 14. f3 Bb7 15. Be2 Qc8 16. 0-0 h6 17. c4 b4 18. Nc2 a5 19. b3 Qc7 20. Qe1 Nd7 21. Qf2 Nc5 22. Rad1 Nd8 23. Rd2 Nde6 24. Rfd1 Bc6 25. Ne1 a4 26. Nd3 axb3 27. Nxc5 Nxc5 28. Bxc5 dxc5 29. axb3 g6 30. Ra2 Kg7 31. Rda1 Rd8 32. Qe3 Rd4 33. g3 Qd7 34. Ra7 Qe6 35. R1a6 Bg5 36. f4 exf4 37. gxf4 Rxe4 38. Qxc5 Rxe2 39. Rxc6 Re1+ 40. Kg2 Qe4+ 41. Kf2 Bh4# 0-1

[Event "Bayern-chB 77th"]
[Site "Bad Woerishofen"]
[Date "2006.09.02"]
[Round "9"]
[White "King, Alexander"]
[Black "Von Schwerin, Clemens"]
[Result "1-0"]
[WhiteElo "1878"]
[BlackElo "1579"]
[PlyCount "109"]
[EventDate "2006.08.26"]
[EventType "swiss"]
[EventRounds "9"]
[EventCountry "GER"]
[SourceTitle "EXT 2015"]
[Source "ChessBase"]
[SourceDate "2014.11.20"]
[SourceVersion "1"]
[SourceVersionDate "2014.11.20"]
[SourceQuality "1"]

1. Nf3 d5 2. c4 Nf6 3. g3 c5 4. cxd5 Nxd5 5. Bg2 Nc6 6. Nc3 Nxc3 7. bxc3 e5 8. d3 Be7 9. 0-0 0-0 10. Be3 Be6 11. Qa4 Qd7 12. Rab1 Rab8 13. Rfd1 Bh3 14. d4 exd4 15. cxd4 cxd4 16. Nxd4 Bxg2 17. Kxg2 Qd5+ 18. Nf3 Qe6 19. Bf4 b5 20. Rxb5 Rxb5 21. Qxb5 Nb4 22. a4 a6 23. Qd7 Qxd7 24. Rxd7 Bf6 25. Bd6 Nc2 26. Bxf8 Kxf8 27. Ra7 Nb4 28. Rb7 Nd5 29. e4 Nc3 30. Rb8+ Ke7 31. e5 Bxe5 32. Nxe5 Nxa4 33. Ra8 Nc5 34. Ra7+ Kd6 35. Nxf7+ Kd5 36. Nd8 Kc4 37. Nb7 Nxb7 38. Rxb7 a5 39. Rxg7 h5 40. Rg5 Kb4 41. Rxh5 a4 42. Rh4+ Kb3 43. Rxa4 Kxa4 44. h4 Kb5 45. h5 Kc6 46. h6 Kd5 47. h7 Ke6 48. h8Q Kf5 49. Kf3 Kg5 50. Qe5+ Kh6 51. Kg4 Kh7 52. Kg5 Kg8 53. Kg6 Kf8 54. g4 Kg8 55. Qe8# 1-0

[Event "Bayern-chB 77th"]
[Site "Bad Woerishofen"]
[Date "2006.08.27"]
[Round "3"]
[White "Maugg, Ludwig"]
[Black "Von Schwerin, Clemens"]
[Result "1/2-1/2"]
[WhiteElo "1930"]
[BlackElo "1579"]
[PlyCount "67"]
[EventDate "2006.08.26"]
[EventType "swiss"]
[EventRounds "9"]
[EventCountry "GER"]
[SourceTitle "EXT 2015"]
[Source "ChessBase"]
[SourceDate "2014.11.20"]
[SourceVersion "1"]
[SourceVersionDate "2014.11.20"]
[SourceQuality "1"]

1. d4 Nf6 2. c4 c5 3. d5 b5 4. cxb5 a6 5. bxa6 Bxa6 6. Nc3 d6 7. g3 g6 8. Bg2 Bg7 9. Nf3 0-0 10. Rb1 Bc4 11. a3 Ne8 12. 0-0 Qb6 13. Nd2 Ba6 14. Qc2 Nc7 15. Re1 Nd7 16. b3 Rfb8 17. Nc4 Qb7 18. Na5 Qb6 19. Nc6 Re8 20. Bb2 Ne5 21. Na4 Qb7 22. Nxe5 Bxe5 23. Bxe5 dxe5 24. d6 Nd5 25. Bxd5 Qxd5 26. Nb6 Qxd6 27. Nxa8 Rxa8 28. Rbc1 Rb8 29. Qxc5 Rxb3 30. a4 Rb4 31. Qa5 Rb2 32. Kf1 Qd4 33. Qc3 Qe4 34. f3 1/2-1/2

[Event "Bayern-chB 77th"]
[Site "Bad Woerishofen"]
[Date "2006.08.27"]
[Round "2"]
[White "Von Schwerin, Clemens"]
[Black "Wawrinsky, Ludwig"]
[Result "1-0"]
[WhiteElo "1579"]
[BlackElo "1757"]
[PlyCount "65"]
[EventDate "2006.08.26"]
[EventType "swiss"]
[EventRounds "9"]
[EventCountry "GER"]
[SourceTitle "EXT 2015"]
[Source "ChessBase"]
[SourceDate "2014.11.20"]
[SourceVersion "1"]
[SourceVersionDate "2014.11.20"]
[SourceQuality "1"]

1. c4 Nf6 2. d4 e6 3. Nc3 Bb4 4. Qc2 0-0 5. Bg5 h6 6. Bh4 Be7 7. e4 d6 8. f4 b6 9. Nf3 Bb7 10. 0-0-0 Nc6 11. e5 Nd7 12. Bxe7 Qxe7 13. d5 Nb4 14. Qe2 exd5 15. cxd5 dxe5 16. fxe5 Qc5 17. Qc4 Qe3+ 18. Kb1 Na6 19. e6 Ne5 20. Nxe5 Qxe5 21. Be2 Nc5 22. Bg4 Ba6 23. Qd4 Qd6 24. Ne4 Qf4 25. Nxc5 Qxd4 26. Rxd4 bxc5 27. Rf4 Bd3+ 28. Kc1 Ba6 29. e7 Rfe8 30. Re1 Kh8 31. Bd7 Rg8 32. e8Q f6 33. Qe3 1-0

[Event "Bayern-chB 77th"]
[Site "Bad Woerishofen"]
[Date "2006.08.26"]
[Round "1"]
[White "Carrasco, Paul"]
[Black "Von Schwerin, Clemens"]
[Result "1-0"]
[WhiteElo "1979"]
[BlackElo "1579"]
[PlyCount "77"]
[EventDate "2006.08.26"]
[EventType "swiss"]
[EventRounds "9"]
[EventCountry "GER"]
[SourceTitle "EXT 2015"]
[Source "ChessBase"]
[SourceDate "2014.11.20"]
[SourceVersion "1"]
[SourceVersionDate "2014.11.20"]
[SourceQuality "1"]

1. Nf3 c5 2. c4 Nf6 3. Nc3 e6 4. g3 d5 5. cxd5 exd5 6. d4 Nc6 7. Bg2 Bg4 8. dxc5 Bxc5 9. 0-0 d4 10. Na4 Be7 11. b3 b5 12. Nb2 Rc8 13. e3 Ne5 14. exd4 Bxf3 15. Bxf3 Qxd4 16. Be2 Bc5 17. Bxb5+ Ke7 18. Qe2 Qd5 19. Re1 Nfg4 20. Nd3 Kf8 21. Qe4 Nf3+ 22. Kh1 Qxe4 23. Rxe4 f5 24. Rf4 Nd4 25. Nxc5 Nxb5 26. Rxf5+ Ke8 27. Ne6 g6 28. Rxb5 Nxf2+ 29. Kg2 Rc2 30. Nd4 Rc8 31. Kxf2 Rf8+ 32. Bf4 Rd8 33. Ne6 Rd2+ 34. Ke3 Rxh2 35. Nxf8 Kxf8 36. Rb7 g5 37. Bxg5 Rh3 38. Bf4 h5 39. Rc1 1-0

[Event "GER-ch U12"]
[Site "Willingen"]
[Date "2006.06.06"]
[Round "6"]
[White "Von Schwerin, Clemens"]
[Black "Kneip, Jakob"]
[Result "0-1"]
[WhiteElo "1423"]
[BlackElo "1204"]
[PlyCount "110"]
[EventDate "2006.06.03"]
[EventType "swiss"]
[EventRounds "11"]
[EventCountry "GER"]
[SourceTitle "EXT 2007"]
[Source "ChessBase"]
[SourceDate "2006.11.23"]
[SourceVersion "1"]
[SourceVersionDate "2006.11.23"]
[SourceQuality "1"]

1. c4 Nf6 2. Nc3 g6 3. d4 Bg7 4. e4 d6 5. Nf3 0-0 6. Be2 e5 7. 0-0 Nc6 8. d5 Ne7 9. h3 Nh5 10. Be3 f5 11. Nd2 f4 12. Bxh5 fxe3 13. fxe3 Rxf1+ 14. Nxf1 gxh5 15. Qxh5 Ng6 16. Nd2 Qh4 17. Qf3 Bd7 18. Rf1 Rf8 19. Qd1 Rxf1+ 20. Kxf1 Qf6+ 21. Nf3 Nh4 22. Kf2 Nxf3 23. Qxf3 Qxf3+ 24. Kxf3 a6 25. b4 Kf7 26. c5 dxc5 27. bxc5 Bf8 28. c6 bxc6 29. dxc6 Bxc6 30. Nd5 Bd6 31. Kg4 Kg6 32. Kf3 Bb5 33. g4 h5 34. gxh5+ Kxh5 35. Kg3 Bd3 36. Nc3 c6 37. Kg2 Bb4 38. Na4 Bxe4+ 39. Kg3 Be1+ 40. Kh2 Bd5 41. Nc5 a5 42. a4 Bc3 43. Kg3 Be1+ 44. Kh2 Bf2 45. e4 Bxc5 46. Kh1 Bxe4+ 47. Kh2 Bc2 48. h4 Bxa4 49. Kh3 e4 50. Kg2 e3 51. Kf3 Bd1+ 52. Kg2 e2 53. Kh2 e1Q 54. Kg2 Qf2+ 55. Kh1 Bf3# 0-1

[Event "GER-ch U12"]
[Site "Willingen"]
[Date "2006.06.03"]
[Round "1"]
[White "Wang, Zhangxian"]
[Black "Von Schwerin, Clemens"]
[Result "1-0"]
[WhiteElo "1998"]
[BlackElo "1423"]
[PlyCount "95"]
[EventDate "2006.06.03"]
[EventType "swiss"]
[EventRounds "11"]
[EventCountry "GER"]
[SourceTitle "EXT 2007"]
[Source "ChessBase"]
[SourceDate "2006.11.23"]
[SourceVersion "1"]
[SourceVersionDate "2006.11.23"]
[SourceQuality "1"]

1. e4 c5 2. Nf3 d6 3. d4 cxd4 4. Nxd4 Nf6 5. Nc3 g6 6. Be3 Bg7 7. f3 0-0 8. Qd2 Nc6 9. Bc4 Nd7 10. 0-0-0 Nb6 11. Bb3 Na5 12. Qd3 Bd7 13. Kb1 Rc8 14. g4 Nbc4 15. Bc1 Qb6 16. Nd5 Qd8 17. Bg5 Re8 18. h4 h6 19. Bc1 e6 20. Nc3 Qb6 21. h5 g5 22. f4 e5 23. Nd5 Qxd4 24. fxg5 Qxd3 25. cxd3 Nxb3 26. axb3 Nb6 27. Nxb6 axb6 28. gxh6 Bh8 29. g5 Kh7 30. Rhg1 Rg8 31. Rg3 Bb5 32. Rdg1 Rc5 33. b4 Rxc1+ 34. Kxc1 Be8 35. Kd2 f6 36. g6+ Kxh6 37. Rc1 Bc6 38. b5 Bxb5 39. Rc7 Rg7 40. Rc8 Rxg6 41. Rxg6+ Kxh5 42. Rg1 Bg7 43. Rxg7 Kh6 44. Rg1 Kh7 45. Rcg8 d5 46. R8g2 Be8 47. Rh2+ Bh5 48. Rxh5# 1-0

[Event "Wuerttemberg-ch U12"]
[Site "Friedrichshafen"]
[Date "2005.04.02"]
[Round "7"]
[White "Von Schwerin, Clemens"]
[Black "Fischerkeller, Johannes"]
[Result "1-0"]
[WhiteElo "901"]
[BlackElo "1339"]
[PlyCount "41"]
[EventDate "2005.03.29"]
[EventType "swiss"]
[EventRounds "7"]
[EventCountry "GER"]
[SourceTitle "EXT 2007"]
[Source "ChessBase"]
[SourceDate "2006.11.23"]
[SourceVersion "1"]
[SourceVersionDate "2006.11.23"]
[SourceQuality "1"]

1. e4 e5 2. Nf3 Nc6 3. Bc4 Bc5 4. c3 d6 5. d4 exd4 6. cxd4 Bb4+ 7. Nc3 Nge7 8. Ng5 0-0 9. Qh5 h6 10. Nxf7 Rxf7 11. Qxf7+ Kh8 12. 0-0 Nxd4 13. Be3 Ndc6 14. Nd5 Nxd5 15. Bxd5 Ne5 16. Qf4 c6 17. Bb3 Nd3 18. Qf3 Nxb2 19. Bd4 Ba3 20. Qf7 Qd7 21. Qg8# 1-0

[Event "Ulm/Neu Ulm-ch"]
[Site "Ulm/Neu Ulm"]
[Date "2005.??.??"]
[Round "?"]
[White "Dymerets, Yosyp"]
[Black "Von Schwerin, Clemens"]
[Result "1/2-1/2"]
[WhiteElo "1818"]
[BlackElo "1175"]
[PlyCount "88"]
[EventDate "2005.11.26"]
[EventType "swiss"]
[EventRounds "7"]
[EventCountry "GER"]
[SourceTitle "EXT 2011"]
[Source "ChessBase"]
[SourceDate "2010.11.26"]
[SourceVersion "1"]
[SourceVersionDate "2010.11.26"]
[SourceQuality "1"]

1. e4 c5 2. Nf3 d6 3. d4 cxd4 4. Nxd4 Nf6 5. Nc3 g6 6. Be3 Bg7 7. f3 0-0 8. Qd2 Nc6 9. 0-0-0 Bd7 10. Bc4 Rc8 11. Bb3 Ne5 12. Bh6 Nc4 13. Qg5 e5 14. Nf5 Bxf5 15. exf5 Ne8 16. fxg6 fxg6 17. Kb1 Qxg5 18. Bxg5 Rf5 19. Bc1 Kh8 20. h4 h5 21. Rd3 a6 22. g4 Rf7 23. Ne4 Rd7 24. gxh5 gxh5 25. Rg1 d5 26. Ng3 b5 27. Nxh5 Nf6 28. Nxg7 Rxg7 29. Rxg7 Kxg7 30. c3 e4 31. fxe4 dxe4 32. Rg3+ Kh7 33. Bc2 Rd8 34. b3 Nd6 35. Bg5 Nd5 36. Kb2 Kh8 37. Rg1 e3 38. Re1 Kg7 39. Bd3 Nf7 40. c4 Nxg5 41. hxg5 Nf4 42. Be2 Nxe2 43. Rxe2 Kg6 44. Kc2 Kxg5 1/2-1/2

[Event "Ulm/Neu Ulm-ch"]
[Site "Ulm/Neu Ulm"]
[Date "2005.??.??"]
[Round "?"]
[White "Von Schwerin, Clemens"]
[Black "Geutebrueck, Sebastian"]
[Result "0-1"]
[WhiteElo "1175"]
[BlackElo "1944"]
[PlyCount "46"]
[EventDate "2005.11.26"]
[EventType "swiss"]
[EventRounds "7"]
[EventCountry "GER"]
[SourceTitle "EXT 2011"]
[Source "ChessBase"]
[SourceDate "2010.11.26"]
[SourceVersion "1"]
[SourceVersionDate "2010.11.26"]
[SourceQuality "1"]

1. c4 c6 2. Nf3 d5 3. b3 Bg4 4. e3 e6 5. Be2 Nf6 6. Bb2 Be7 7. h3 Bxf3 8. Bxf3 0-0 9. 0-0 Re8 10. d4 a5 11. Nc3 Nbd7 12. Be2 Nf8 13. cxd5 exd5 14. Rc1 Bd6 15. Qc2 Ne4 16. Nxe4 Rxe4 17. Bd3 Rh4 18. e4 dxe4 19. Bxe4 Qg5 20. Bf3 Rxh3 21. Qe4 Rh1+ 22. Kxh1 Qh6+ 23. Kg1 Qh2# 0-1